000 006050000a22001090004500
100 1 _aOsorio, Juan Esteban
245 1 0 _aLa ciudad de memoria : Celebración en Bogotá
300 _aVol.0, núm.23 (Agosto, 2007), Página 33
520 _aA partir de este año septiembre será el mes del Patrimonio Cultural de Bogotá. Contrario a la idea de que el patrimonio solo compromete las construcciones, varias fundaciones y el Ministerio de Cultura se arriesgan a pensar en una Bogotá que incluya cafés, juegos populares e historias orales.
773 0 _tArcadia / Andrés Felipe Solano, Editor
942 _cANA
999 _c62309
_d62309